Bytový dom
Uložené v:
| Hlavný autor: | |
|---|---|
| Ďalší autori: | |
| Médium: | Rukopis Kniha |
| Jazyk: | Slovak |
| Vydavateľské údaje: |
2016
|
| Predmet: | |
| On-line prístup: | http://is.stuba.sk/zp/portal_zp.pl?podrobnosti=124209 https://opac.crzp.sk/?fn=detailBiblioForm&sid=427371B0090519B8054AD321842E |
| Tagy: |
Žiadne tagy, Buďte prvý, kto otaguje tento záznam!
|
MARC
| LEADER | 00000ntm a22000003a 4500 | ||
|---|---|---|---|
| 001 | stuzp59390 | ||
| 003 | SK-STU | ||
| 005 | 20230623135213.4 | ||
| 007 | ta | ||
| 008 | 150427s2015----xo-----f-mn---000-0-slo-d | ||
| 040 | |a STU |b slo | ||
| 041 | 0 | |a slo | |
| 100 | 1 | |a Kürtiová, Monika |u 010180 |4 aut |U SvF Stavebná fakulta |T SvF Katedra konštrukcií pozemných stavieb |X 7519 |U V180 |Y 18 |7 7519 | |
| 242 | 0 | 1 | |a Residential building |y eng |
| 245 | 1 | 0 | |a Bytový dom |
| 260 | |c 2016 | ||
| 650 | 4 | |a Bytový dom |2 slo | |
| 650 | 4 | |a Objekt |2 slo | |
| 650 | 4 | |a Spevnená plocha |2 slo | |
| 650 | 4 | |a Resindential floor |2 eng | |
| 650 | 4 | |a Ramp |2 eng | |
| 650 | 4 | |a Building |2 eng | |
| 700 | 1 | |a Rabenseifer, Roman |u 010180 |k Z1 |4 ths |U SvF Stavebná fakulta |T SvF Katedra konštrukcií pozemných stavieb |X 727 |U V180 |Y 18 |7 A000000727 | |
| 856 | 4 | |u http://is.stuba.sk/zp/portal_zp.pl?podrobnosti=124209 | |
| 856 | 4 | |u https://opac.crzp.sk/?fn=detailBiblioForm&sid=427371B0090519B8054AD321842E | |
| SQL | |a stuzp59390 |b DBP |c SLO |d Bytový dom |e 7519 |f Kürtiová, Monika |g 010180 |h 727 |i Rabenseifer, Roman |j 20160620 |k 4 |l 01 |m http://is.stuba.sk/zp/portal_zp.pl?podrobnosti=124209 |n B-PSA |o 5.1.4. pozemné stavby, 5.1.1. architektúra a urbanizmus | ||